| 000 | 01429nam a22003377a 4500 | ||
|---|---|---|---|
| 001 | BR8301933 | ||
| 003 | BR-BrBNA | ||
| 005 | 20230928091634.0 | ||
| 007 | ta | ||
| 008 | 230509b bl.||||| |||| 00| 0 por d | ||
| 040 |
_aBR-BrBNA _bpor _cBiblioteca Nacional de Agricultura |
||
| 041 | _a(Por) | ||
| 072 |
_aF60; F25 _b0230 _b3862 _b/G514 |
||
| 090 | _ 0230 BR8301933 | ||
| 100 | 1 | _aSilva, G.M. de A. | |
| 110 | 1 |
_aEscola Superior de Agricultura Luiz de Queiroz, Piracicaba, SP (Brasil) _0Tese (Mestre em Agronomia) |
|
| 245 | 1 | _aEfeitos da aplicacao de vinhaca no estado nutricional, produtividade e qualidade tecnologica da cana-de-acucar (Saccharum spp)em dois tipos de solo [latossolo roxo distrofico, latossolo vermelho amarelo, Sao Paulo, Brasil] | |
| 246 | 1 | _a[Effects of vinasse application on the nutritional status, productiveness and technological quality of sugarcane (saccharum spp)in two soil types [purple distrophic latosol, red yellow latosol, Sao Paulo, Brazil]] | |
| 260 | 3 |
_aPiracicaba, SP (Brasil): _c1982. |
|
| 300 | _a142 p. | ||
| 500 | _a16 illus.; 46 tables; Bibliography p. 115-121 (52 ref.); Summaries (Eng, Por) | ||
| 650 | _aCANA DE ACUCAR | ||
| 650 | _aVINHACA | ||
| 650 | _aADUBACAO | ||
| 650 | _aNUTRIENTE MINERAL | ||
| 650 | _aLATOSSOLO ROXO DISTROFICO | ||
| 650 | _aLATOSSOLO VERMELHO AMARELO | ||
| 650 | _aSAO PAULO | ||
| 909 |
_a202309 _bLucia _c55 _dLucia Elande |
||
| 942 | _cBK | ||
| 999 |
_c34786 _d34786 |
||